000 00463nam a2200181Ia 4500
999 _c47391
_d47391
001 14253
003 GE_BSU
005 20221121152741.0
008 181216s1984||||enk|||||||||||||| ||eng||
020 _a0140316779x
040 _cGE_BSU
080 _a82-93 C-21
100 _aCarpenter, Humphrey
_915972
245 _aMr Majeika /
_cIllustrated by Frank Rodgers.
264 _aLondon :
_bPuffin books,
_c1984.
300 _a94 p.:
_bill.
_c18 cm.
942 _cBK
_2udc